| 000 | 00676nam a22002297a 4500 | ||
|---|---|---|---|
| 999 |
_c9538 _d9538 |
||
| 003 | AR-CdUCM | ||
| 008 | 190328b ||||| |||| 00| 0 spa d | ||
| 020 | _a978-612-4299-60-5 | ||
| 040 |
_aMUNICIPALIDAD PROVINCIAL DEL CUSCO _cBIBLIOTECA MUNICIPAL DEL CUSCO |
||
| 041 | _hspa | ||
| 082 |
_aEP / 808.06 _bB81 |
||
| 100 |
_aBravo, Leonor _925809 |
||
| 245 | _aMutante / | ||
| 260 |
_aLima : _bSantillana, _bLoqueleo, _c2015. |
||
| 300 |
_a31 pƔginas ; _bilustraciones a color, _c19 cm. |
||
| 650 |
_aNarrativa _967 |
||
| 650 |
_aCuento infantil _93319 |
||
| 650 |
_aSiglo XX _98 |
||
| 700 |
_aAyumi, Christian (Ilustración) _925810 |
||
| 942 |
_2ddc _cLIBROS |
||
| 945 | _araen | ||